טוען...

Pavangal

מידע ביבליוגרפי
מחבר ראשי: Victor Hugo
פורמט: Printed Book
יצא לאור: Thrissur: H&C Publishing House, 2017.
LEADER 00498nam a22001217a 4500
999 |c 3572  |d 3572 
082 |a 843  |b HUG.P 
100 |a Victor Hugo 
245 |a Pavangal 
260 |a Thrissur:  |b H&C Publishing House,  |c 2017. 
942 |c BK 
952 |0 0  |1 0  |4 0  |6 843_000000000000000_HUG_P  |7 0  |8 NFIC  |9 3572  |a CAMPUS  |b CAMPUS  |d 2015-05-06  |l 0  |o 843 HUG.P  |p 20583  |r 2015-05-06  |w 2015-05-06  |y BK 
952 |0 0  |1 0  |4 0  |6 843_000000000000000_HUG_P  |7 0  |8 FIC  |9 291801  |a RUS  |b RUS  |c GEN  |d 2020-02-28  |l 0  |o 843 HUG.P  |p RUS 15977  |r 2020-02-28  |w 2020-02-28  |y BK